Eurofondy pomáhajú našim regiónom : spoznajte projekty programového obdobia 2014-2020 realizované vďaka finančnej podpore Európskej únie /
Uložené v:
| Korporatívny autor: | |
|---|---|
| Ďalší autori: | |
| Médium: | Kniha |
| Jazyk: | Slovak |
| Vydané: |
Bratislava :
Úrad vlády Slovenskej republiky,
2021.
|
| Vydanie: | Prvé vydanie |
| Témy: | |
| ISBN: |
9788097265397 |
| Fyzický popis: |
139 strán : fotografie, mapy ; 20 x 21 cm. |
| Tagy: |
Pridať tag
Žiadne tagy, Buďte prvý kto otaguje tento záznam!
|
Titul je dostupný aj v ... 

MARC
| LEADER | 00000nam a22000004a 4500 | ||
|---|---|---|---|
| 001 | 000366147 | ||
| 005 | 20220301093537.0 | ||
| 008 | 101028s2021 xo bo g 000 0 slo d | ||
| 020 | |a 9788097265397 |q (brožované) | ||
| 040 | |a SVKKK |b slo |c SVKKK |e rda | ||
| 041 | 0 | |a slo | |
| 043 | |a e-xo--- | ||
| 044 | |a xo |c SK | ||
| 072 | 7 | |a 339.7/.9 |x Svetová ekonomika a medzinárodné financie |2 konspekt | |
| 080 | |a 339.926(4) |2 2011 | ||
| 080 | |a 005.591 |2 2011 | ||
| 080 | |a 005.591:336 |2 2011 | ||
| 080 | |a 336.56 |2 2011 | ||
| 080 | |a 332.146.2 |2 2011 | ||
| 080 | |a (437.6) |2 2011 | ||
| 080 | |a (036) |2 2011 | ||
| 110 | 2 | |a Úrad vlády Slovenskej republiky (Bratislava, Slovensko) |4 aut | |
| 245 | 1 | 0 | |a Eurofondy pomáhajú našim regiónom : |b spoznajte projekty programového obdobia 2014-2020 realizované vďaka finančnej podpore Európskej únie / |c autor: Úrad vlády Slovenskej republiky ; zostavila Michaela Višváderová. |
| 250 | |a Prvé vydanie | ||
| 264 | 1 | |a Bratislava : |b Úrad vlády Slovenskej republiky, |c 2021. | |
| 300 | |a 139 strán : |b fotografie, mapy ; |c 20 x 21 cm. | ||
| 336 | |a text |b txt |2 rdacontent | ||
| 337 | |a bez média |b n |2 rdamedia | ||
| 338 | |a zväzok |b nc |2 rdacarrier | ||
| 366 | |e 3000 kusov | ||
| 500 | |a Názov z obálky | ||
| 648 | 7 | |a 2014-2020 |2 SVKKKPH | |
| 650 | 0 | 7 | |a európske fondy |2 SVKKKPH |
| 650 | 0 | 7 | |a programy a projekty |2 SVKKKPH |
| 650 | 0 | 7 | |a financovanie programov a projektov |2 SVKKKPH |
| 650 | 0 | 7 | |a dotácie |2 SVKKKPH |
| 650 | 0 | 7 | |a podpora regionálneho rozvoja |2 SVKKKPH |
| 650 | 0 | 7 | |a European funds |2 SVKKKPHeng |
| 650 | 0 | 7 | |a programs and projects |2 SVKKKPHeng |
| 650 | 0 | 7 | |a project financing |2 SVKKKPHeng |
| 650 | 0 | 7 | |a subsidies |2 SVKKKPHeng |
| 650 | 0 | 7 | |a government aid to regional development |2 SVKKKPHeng |
| 651 | 7 | |a Slovensko |2 SVKKKPH | |
| 651 | 7 | |a Slovakia |2 SVKKKPHeng | |
| 655 | 7 | |a informačné publikácie |2 SVKKKPH | |
| 655 | 7 | |a information publications |2 SVKKKPHeng | |
| 700 | 1 | |a Višváderová, Michaela |4 com | |
| 910 | |a svkkk | ||
| 919 | |a 978-80-972653-9-7 | ||
| 998 | |a BK | ||
| 090 | |g SCKHL |k Sklad Hlavná 10 prízemie |a III.251654 |j 1114494 |i 2720828099 |s Povinný výt. | ||